| Tag |
First Indicator |
Second Indicator |
Subfields |
| LEADER |
00000cam a2200000 a 4500 |
| 001 |
in00002781264 |
| 005 |
20151202171324.0 |
| 008 |
120118s2012 ilu bd 000 0 eng |
| 010 |
|
|
|a 2012002329
|
| 020 |
|
|
|a 9781614381471 (pbk.)
|
| 020 |
|
|
|a 161438147X (pbk.)
|
| 035 |
|
|
|a (OCoLC)ocn773371803
|
| 035 |
|
|
|a (OCoLC)773371803
|
| 040 |
|
|
|a DLC
|b eng
|c DLC
|d VRL
|d GZL
|d YDXCP
|d BTCTA
|d BWX
|d UtOrBLW
|
| 042 |
|
|
|a pcc
|
| 049 |
|
|
|a TXAM
|
| 050 |
0 |
0 |
|a K50
|b .A93 2012
|
| 082 |
0 |
0 |
|a 340.03
|2 23
|
| 100 |
1 |
|
|a Autry, Rick.
|
| 245 |
1 |
0 |
|a Word origins for lawyers /
|c Rick Autry.
|
| 264 |
|
1 |
|a Chicago, Ill. :
|b American Bar Association,
|c [2012]
|
| 264 |
|
4 |
|c ©2012
|
| 300 |
|
|
|a xiii, 235 pages ;
|c 23 cm.
|
| 336 |
|
|
|a text
|b txt
|2 rdacontent
|
| 337 |
|
|
|a unmediated
|b n
|2 rdamedia
|
| 338 |
|
|
|a volume
|b nc
|2 rdacarrier
|
| 504 |
|
|
|a Includes bibliographical references (pages 229-233).
|
| 505 |
0 |
|
|a Useful linguistics terms -- Dictionary -- The world of words -- Folk etymology -- False etymology to make a point -- Types of definition -- Short forms -- Generalization -- Specialization -- Pejoration and melioration -- Association and similitude -- Figurative extension -- Grimm's law -- Prescriptive vs. descriptive dictionaries -- Looking something up in a dictionary -- The peoples who influenced English -- Latin influence on English -- Idiomatic phrasal verbs -- Vagueness and ambiguity.
|
| 650 |
|
0 |
|a Law
|v Terminology.
|
| 650 |
|
0 |
|a Law
|v Dictionaries.
|
| 938 |
|
|
|a YBP Library Services
|b YANK
|n 7581432
|
| 938 |
|
|
|a Baker and Taylor
|b BTCP
|n BK0011091057
|
| 938 |
|
|
|a Blackwell Book Service
|b BBUS
|n 7581432
|
| 947 |
|
|
|a A14835904854
|
| 945 |
|
|
|a PromptCat
|b 916775
|
| 946 |
|
|
|a stk
|
| 994 |
|
|
|a 92
|b TXA
|
| 948 |
|
|
|a Cataloged
|b h
|c 2012/6/14
|d c
|e fambrosini
|
| 999 |
|
|
|a MARS
|
| 999 |
f |
f |
|s 83ecf5e6-15c8-36b7-b38a-49a052e24554
|i f25a1883-005b-3765-b816-87de62c70e9a
|t 0
|
| 952 |
f |
f |
|p ric
|a Texas A&M University
|b Rellis Campus
|c Joint Library Facility
|d Remote Storage
|t 0
|e K50 .A93 2012
|h Library of Congress classification
|i unmediated -- volume
|m A14835904854
|
| 998 |
f |
f |
|a K50 .A93 2012
|t 0
|l Remote Storage
|